| 000 -LEADER |
| fixed length control field |
00737cam a2200205 a 4500 |
| 020 ## - INTERNATIONAL STANDARD BOOK NUMBER |
| ISBN |
0803982844 |
| 020 ## - INTERNATIONAL STANDARD BOOK NUMBER |
| ISBN |
0803982852 (pbk.) |
| 040 ## - CATALOGING SOURCE |
| Transcribing agency |
DLC |
| 082 00 - DEWEY DECIMAL CLASSIFICATION NUMBER |
| Classification number |
362 SAG 1990 A075 Or. |
| 245 00 - TITLE STATEMENT |
| Title |
Researching social gerontology : |
| Remainder of title |
concepts, methods, and issues / |
| 260 ## - PUBLICATION, DISTRIBUTION, ETC. (IMPRINT) |
| Place of publication |
London ; |
| -- |
Newbury Park, Calif. : |
| Name of publisher |
Sage Publications in association with the British Society of Gerontology, |
| Year of publication |
1990. |
| 300 ## - PHYSICAL DESCRIPTION |
| Number of Pages |
xi, 226 p. ; |
| Dimensions |
24 cm. |
| 650 #0 - SUBJECT ADDED ENTRY--TOPICAL TERM |
| Topical Term |
Gerontology |
| 650 #0 - SUBJECT ADDED ENTRY--TOPICAL TERM |
| Topical Term |
Older people |
| 700 1# - ADDED ENTRY--PERSONAL NAME |
| Personal name |
Peace, Sheila M. |
| 710 2# - ADDED ENTRY--CORPORATE NAME |
| Corporate name or jurisdiction name as entry element |
British Society of Gerontology. |
| 856 42 - ELECTRONIC LOCATION AND ACCESS |
| Uniform Resource Identifier |
http://www.loc.gov/catdir/enhancements/fy0656/90061929-d.html |
| 856 41 - ELECTRONIC LOCATION AND ACCESS |
| Uniform Resource Identifier |
http://www.loc.gov/catdir/enhancements/fy0656/90061929-t.html |
| 942 ## - ADDED ENTRY ELEMENTS (KOHA) |
| Koha item type |
សៀវភៅភាសាអង់គ្លេស |
| 952 ## - LOCATION AND ITEM INFORMATION (KOHA) |
| Withdrawn status [LOCAL, KOHA] |
0 |